[Event "CUB-ch"]
[Site "?"]
[Date "1989.??.??"]
[Round "9"]
[White "Herrera, Irisberto"]
[Black "Alonso, Rene"]
[Result "1/2-1/2"]
[WhiteElo "2295"]
[BlackElo "2335"]

1.e4 e6 2.d4 d5 3.Nc3 Bb4 4.e5 Ne7 5.a3 Bxc3+ 6.bxc3 c5 7.Qg4 O-O 8.Bd3 Nbc6
9.Qh5 Nf5 10.g4 Qh4 11.Qxh4 Nxh4 12.Bg5 Ng6 13.Be3 c4 14.Bxg6 fxg6 15.Ke2 b5
16.h4 Bd7 17.Nh3 Ne7 18.Rh2 Nc8 19.Nf4 Nb6 20.Kd2 Rf7 21.h5 gxh5 22.Rxh5 Raf8
23.Ne2 Rf3 24.Rah1 h6 25.R1h2 Be8 26.Ng1 R3f7 27.R5h3 Rb7 28.Ne2 a5 29.Nf4 Kf7
30.Rg2 b4 31.axb4 axb4 32.cxb4 c3+ 33.Ke2 Bb5+ 34.Nd3 Ra8 35.g5 hxg5 36.Bxg5 Ra2
37.Kd1 Ba4 38.Ne1 Nc4 39.Rxc3 Rxb4 40.Ke2 Ra3 41.Bd2 Rxc3 42.Bxc3 Rb1 43.Rg3 Na3  1/2-1/2

[Event "Espoo op"]
[Site "Espoo"]
[Date "1989.??.??"]
[Round "4"]
[White "Arakhamia, Ketevan"]
[Black "Kiik, Kalle"]
[Result "1-0"]
[WhiteElo "2395"]
[BlackElo "2395"]

1.e4 e6 2.d4 d5 3.Nc3 Bb4 4.e5 Qd7 5.Qg4 f5 6.Qg3 b6 7.Bd2 Ba6 8.Bxa6 Nxa6
9.Nge2 Nb8 10.Nf4 Nc6 11.Nxe6 Qxe6 12.Qxg7 O-O-O 13.Qxh8 Qg6 14.O-O-O Be7
15.Ne2 Nh6 16.Nf4 Rxh8 17.Nxg6 hxg6 18.h3 Nd8 19.f4 Ne6 20.c3 Kd7 21.g4 Rf8
22.Rdg1 c5 23.gxf5 gxf5 24.Rg6 Rh8 25.c4 Nc7 26.dxc5 Bxc5 27.Re1 a5 28.e6+ Ke7
29.Bc3 d4 30.Rg7+ Kd6 31.Bxd4 Bxd4 32.Rd7+ Kc6 33.Rxd4 Re8 34.Rd7 Nxe6 35.Rh7 Ng8
36.Re5 Kd6 37.Rd5+ Kc6 38.Rxf5 Nc5 39.Rg7 Ne7 40.Rf6+ Kc7 41.h4 Nd3+ 42.Kb1 Nb4
43.h5 Kc8 44.Re6 Rd8 45.Rg1 Nf5 46.Rxb6 Nd4 47.Rd1 Kc7 48.Rg6 Re8 49.a3 Nbc2
50.Rg2 Ne3 51.Rg7+  1-0

[Event "EUCup qual"]
[Site "?"]
[Date "1989.??.??"]
[Round "?"]
[White "Maus, Soenke"]
[Black "Hertneck, Gerald"]
[Result "0-1"]
[WhiteElo "2400"]
[BlackElo "2455"]

1.e4 e6 2.d4 d5 3.Nc3 Bb4 4.e5 Ne7 5.a3 Bxc3+ 6.bxc3 c5 7.Qg4 O-O 8.Bd3 Nbc6
9.Qh5 h6 10.Nf3 f5 11.Rg1 c4 12.Be2 Qa5 13.Bd2 Bd7 14.g4 Be8 15.Qh3 fxg4
16.Rxg4 Nf5 17.Nh4 Nce7 18.Rb1 Rf7 19.Nxf5 Nxf5 20.Rg2 Qxa3 21.Bg4 Kh7 22.Bxf5+ exf5
23.Bf4 Rc8 24.Kd2 Rc6 25.Rbg1 Qe7 26.Bg5 Qf8 27.Bf6 gxf6 28.Qxf5+ Kh8 29.e6 Re7
30.Rg8+ Qxg8 31.Qxf6+ Rg7 32.Qxh6+ Qh7 33.Qf6 Kg8  0-1

[Event "FRA-ch"]
[Site "?"]
[Date "1989.??.??"]
[Round "?"]
[White "Apicella, Manuel"]
[Black "Roos, Louis"]
[Result "0-1"]
[WhiteElo "2395"]
[BlackElo "2325"]

1.e4 e6 2.d4 d5 3.Nc3 Bb4 4.e5 b6 5.a3 Bxc3+ 6.bxc3 Qd7 7.Nf3 Ba6 8.Bxa6 Nxa6
9.a4 Nb8 10.a5 Nc6 11.axb6 cxb6 12.O-O Nge7 13.Ng5 h6 14.Nh3 Na5 15.Nf4 g6
16.Qd3 Nc4 17.Ba3 Nc6 18.g3 Nxa3 19.Rxa3 Na5 20.Ng2 h5 21.Ne3 Rc8 22.Rfa1 Rc7
23.Qe2 Kf8 24.f4 Kg7 25.g4 hxg4 26.Nxg4 Nc4 27.R3a2 a5 28.Qg2 Qd8 29.Nf6 Ne3
30.Qg5 Rc8 31.Re1 Nf5 32.Rd1 Rh3 33.Rd3 Qh8 34.Ng4 Qh4 35.Qf6+ Kg8 36.Qxh4 Rxh4
37.h3 Kg7 38.Kg2 Rc6 39.Kf2 Rh8 40.Ke2 Ra8 41.Kd2 b5 42.Rb2 Rb8 43.Kc1 Rc4
44.Nf6 b4 45.cxb4 axb4 46.Nd7 Rh8 47.Nb6 Rxd4 48.Rxd4 Nxd4 49.Rxb4 Nc6 50.Rb3 Rh4
51.Nd7 Nd4 52.Rb7 Ne2+ 53.Kd2 Nxf4 54.Nf6 g5 55.Ne8+ Kg6 56.Nd6 Rh7 57.Ke3 Rxh3+
58.Kd2 Rh2+ 59.Ke3 Rh3+ 60.Kd2 Rh7 61.Ke3 Ng2+ 62.Kf2 Nh4 63.Rb8 Nf5 64.Rg8+ Rg7
65.Re8 g4 66.c4 dxc4 67.Nxc4 Kg5 68.Ra8 Kf4 69.Ra4 g3+ 70.Kg2 Ke4 71.Ra7 Kd5
72.Nd6 Kxe5  0-1

[Event "FRA-chT"]
[Site "?"]
[Date "1989.??.??"]
[Round "?"]
[White "Bernard, Christophe"]
[Black "Adrian, Claude"]
[Result "1-0"]
[WhiteElo "2320"]
[BlackElo "2270"]

1.e4 e6 2.d4 d5 3.Nc3 Bb4 4.e5 Ne7 5.Qg4 c5 6.dxc5 Nbc6 7.Bd2 O-O 8.Nf3 Ng6
9.Bd3 f5 10.exf6 e5 11.Qh5 Rxf6 12.O-O-O e4 13.Nxe4 dxe4 14.Bc4+ Kh8 15.Bxb4 Qe7
16.Ng5 h6 17.Bc3 Nce5 18.Bxe5 Nxe5 19.Ne6 Rxe6 20.Bxe6 Qxe6 21.Rd8+ Kh7 22.Re8 Nd3+
23.cxd3 Qxa2 24.Qe5 Qa1+ 25.Kd2 Qa5+ 26.Ke3  1-0

[Event "BL2-N8889"]
[Site "Germany"]
[Date "1989.??.??"]
[Round "?"]
[White "Hedke, Fred"]
[Black "Steckner, Johannes"]
[Result "1/2-1/2"]
[WhiteElo "2295"]
[BlackElo "2300"]

1.e4 e6 2.d4 d5 3.Nc3 Bb4 4.e5 Ne7 5.a3 Bxc3+ 6.bxc3 b6 7.Qg4 Ng6 8.h4 h5
9.Qg3 Ba6 10.Ne2 Qc8 11.Nf4 Nxf4 12.Bxa6 Qxa6 13.Bxf4 g6 14.Bg5 Qc4 15.Rh3 Kd7
16.Qe3 c5 17.Rf3 Rh7 18.dxc5 Qxc5 19.Qxc5 bxc5 20.Rb1 Kc6 21.c4 dxc4 22.Rd1 Nd7
23.Rd6+ Kc7 24.Bf4 Re8 25.Ra6 Kb7 26.Rd6 Kc7 27.Re3 Rhh8 28.Rc3 Nb6 29.Be3 Rd8
30.Bxc5 Rxd6 31.Bxd6+ Kc6 32.Rf3 f5 33.Kd2 Nd5 34.Rh3 Rh7 35.Rg3 Rg7 36.Bf8 Rg8
37.Bd6 Kb5 38.Rh3 Kc6 39.Rh1 Rg7 40.Rb1 Rb7 41.Rxb7 Kxb7 42.g3 Kc6 43.f4 a5
44.Bf8 Nb6 45.Be7 Kd7 46.Bf8 Nd5 47.Bd6 Kc6 48.Bf8 Nc7 49.Be7 Kb5 50.Bf8 Nd5
51.Bd6 Nb6 52.Be7 Na4 53.Bf8 Kc6 54.Be7 Kd7 55.Bf8 Kc7 56.Be7 Kc6 57.Bd6 Nb6
58.Be7 Nc8 59.Bd8 a4 60.Ba5 Na7 61.Bb4 Kd5 62.Ke3 Nb5 63.c3 Kc6 64.Kd2 Kd7
65.Ke3 Ke8 66.Kf3 Kf7 67.Ke2 Kg8 68.Kd2 Kg7 69.Ke3 Kf7 70.Ke2 Ke8 71.Kd2 Kd7
72.Ke2 Kc8 73.Kd2 Kb7 74.Ke2 Kc6 75.Kd2 Na7 76.Bf8 Kd5 77.Ke3 Nc6 78.Bb4 Nd8
79.Be7 Nb7 80.Bb4 Kc6 81.Kd4 Kb5 82.Ke3 Nd8 83.Be7 Nc6  1/2-1/2

[Event "Groningen op"]
[Site "Groningen"]
[Date "1989.??.??"]
[Round "2"]
[White "Fette, Martin"]
[Black "Beulen, Marcel"]
[Result "1-0"]
[WhiteElo "2385"]
[BlackElo "2225"]

1.e4 e6 2.d4 d5 3.Nc3 Bb4 4.e5 Qd7 5.Qg4 f5 6.Qg3 b6 7.Nh3 Nc6 8.Bb5 Bb7
9.O-O a6 10.Bxc6 Bxc6 11.Nf4 O-O-O 12.Bd2 Bf8 13.a4 Bb7 14.Nce2 Kb8 15.Rac1 Rc8
16.b3 c5 17.a5 b5 18.dxc5 Bxc5 19.Be3 Bxe3 20.fxe3 Nh6 21.Nd4 Rhe8 22.Nd3 Rc7
23.b4 Bc8 24.Nc5 Qf7 25.Ra1 Qg8 26.Ra3 Nf7 27.Rc3 g6 28.e4 dxe4 29.Nxe4 fxe4
30.Rxc7 Kxc7 31.Qc3+ Kb7 32.Qc6+ Kb8 33.Qb6+ Bb7 34.Nc6+ Kc8 35.Rd1 Nxe5
36.Nxe5 Rd8 37.Qc5+ Kb8 38.Nd7+ Ka8 39.Qc7  1-0

[Event "EU-chT"]
[Site "Haifa"]
[Date "1989.??.??"]
[Round "4"]
[White "Gdanski, Jacek"]
[Black "Farago, Ivan"]
[Result "1-0"]
[WhiteElo "2405"]
[BlackElo "2495"]

1.e4 e6 2.d4 d5 3.Nc3 Bb4 4.e5 Ne7 5.a3 Bxc3+ 6.bxc3 c5 7.Qg4 O-O 8.Bd3 f5
9.exf6 Rxf6 10.Bg5 Rf7 11.Qh4 h6 12.Bxe7 Rxe7 13.Qg3 Qa5 14.Ne2 c4 15.Bg6 Nc6
16.f4 Bd7 17.O-O Be8 18.Bxe8 Raxe8 19.a4 Qd8 20.Qg4 Rf7 21.Ng3 Qf6 22.Rae1 Rfe7
23.Re3 Kh7 24.h3 g6 25.Qe2 a6 26.Nh1 b5 27.axb5 axb5 28.Nf2 b4 29.Ng4 Qg7
30.Ne5 Rc8 31.Rg3 Nxe5 32.fxe5 b3 33.cxb3 cxb3 34.Qd1 Rb8 35.Rf6 Rf7 36.Rxe6 Qf8
37.Kh2 Rf1 38.Qd3 Qf5 39.Qa6 Rf8 40.Rexg6 Qf4 41.Rg7+ Kh8 42.Rg6  1-0

[Event "EU-chT"]
[Site "Haifa"]
[Date "1989.??.??"]
[Round "6"]
[White "Raaste, Eero J"]
[Black "Skalkotas, Nikolaos"]
[Result "1-0"]
[WhiteElo "2375"]
[BlackElo "2340"]

1.e4 e6 2.d4 d5 3.Nc3 Bb4 4.e5 b6 5.Bd2 Qd7 6.Bb5 c6 7.Ba4 Ba6 8.Nce2 Bf8
9.Nh3 Ne7 10.O-O Bb5 11.Bxb5 cxb5 12.Nhf4 h5 13.Ng3 h4 14.Ngh5 Nbc6 15.c3 b4
16.g4 bxc3 17.Bxc3 Ng8 18.Nh3 O-O-O 19.N5f4 Be7 20.Qe2 Nh6 21.Rad1 Kb7 22.Kh1 Rc8
23.Ng2 a6 24.f4 Na7 25.Be1 Qb5 26.Qxb5 axb5 27.Ne3 g6 28.Nf2 Rc7 29.Nd3 Rhc8
30.f5 Bg5 31.Nf4 Rc1 32.fxe6 fxe6 33.Rxc1 Rxc1 34.Bd2 Rxf1+ 35.Nxf1 Bxf4
36.Bxf4 Nf7 37.Nd2 Nc6 38.Be3 Nb4 39.a3 Nc6 40.Nf3 g5 41.Kg1 b4 42.axb4 Ka6
43.Bd2 Kb5 44.b3 Nxb4 45.Bxg5 Nxg5 46.Nxg5 Nc6 47.Nxe6 Kb4 48.g5 Ne7 49.Nf4 Kxb3
50.g6 Kc4 51.g7 b5 52.Ng6 Ng8 53.e6  1-0

[Event "EU-chT"]
[Site "Haifa"]
[Date "1989.??.??"]
[Round "7"]
[White "Mokry, Karel"]
[Black "Skembris, Spyridon"]
[Result "1-0"]
[WhiteElo "2500"]
[BlackElo "2420"]

1.e4 e6 2.d4 d5 3.Nc3 Bb4 4.e5 Ne7 5.a3 Bxc3+ 6.bxc3 c5 7.Nf3 b6 8.Bb5+ Bd7
9.a4 Bxb5 10.axb5 Qd7 11.Qe2 c4 12.Rb1 a6 13.bxa6 Rxa6 14.h4 Qa7 15.h5 Ra1
16.Rxa1 Qxa1 17.Qd2 h6 18.Ng1 Nbc6 19.Ne2 b5 20.O-O Qa2 21.g4 Kd7 22.Ng3 Rb8
23.f4 b4 24.cxb4 Nxb4 25.c3 Qxd2 26.Bxd2 Nd3 27.f5 f6 28.exf6 gxf6 29.Bxh6 Rg8
30.g5 exf5 31.gxf6 Ke8 32.fxe7 f4  1-0

[Event "Helsinki"]
[Site "Helsinki"]
[Date "1989.??.??"]
[Round "9"]
[White "Hazai, Laszlo"]
[Black "Kekki, Petri"]
[Result "1/2-1/2"]
[WhiteElo "2460"]
[BlackElo "2305"]

1.e4 e6 2.d4 d5 3.Nc3 Bb4 4.e5 Ne7 5.a3 Bxc3+ 6.bxc3 c5 7.Qg4 Qc7 8.Qxg7 Rg8
9.Qxh7 cxd4 10.Ne2 dxc3 11.f4 b6 12.Qd3 Ba6 13.Qxc3 Qxc3+ 14.Nxc3 Bxf1 15.Kxf1 Nf5
16.Nb5 Kd7 17.Rg1 Rg4 18.g3 Nc6 19.Nd6 Nxd6 20.exd6 Nd4 21.Rg2 Rc8 22.Ra2 Nf5
23.Ke2 Nxd6 24.Kf3 Rg6 25.Bd2 Nf5 26.Be1 f6  1/2-1/2

[Event "URS-sf Ukraine-ch"]
[Site "Kherson"]
[Date "1989.??.??"]
[Round "?"]
[White "Kruppa, Yuri"]
[Black "Savchenko, Stanislav"]
[Result "1-0"]
[WhiteElo "2440"]
[BlackElo "2395"]

1.e4 e6 2.d4 d5 3.Nc3 Bb4 4.e5 Ne7 5.a3 Bxc3+ 6.bxc3 c5 7.Qg4 O-O 8.Bd3 f5
9.exf6 Rxf6 10.Bg5 Rf7 11.Qh4 h6 12.Bxe7 Qxe7 13.Qxe7 Rxe7 14.O-O-O Nc6 15.dxc5 b6
16.Bb5 Na5 17.cxb6 axb6 18.Nf3 Ba6 19.Bd3 Bxd3 20.cxd3 Nb3+ 21.Kb2 Nc5 22.Ne5 Na4+
23.Kc2 Rc7 24.c4 b5 25.Rb1 bxc4 26.d4 c3 27.Rb3 Rf8 28.f3 Rf4 29.Rb4 Nb2
30.a4 Nc4 31.Nxc4 Rxd4 32.Rb8+ Kh7 33.Ne5 Rxa4 34.Kb3 Ra5 35.Rc1 d4 36.f4 Rca7
37.Kc4 Ra2 38.Kxd4 Rc7 39.Rxc3 Rxc3 40.Kxc3 Rxg2 41.Rb2 Rxb2 42.Kxb2 g5 43.Kc3  1-0

[Event "URS-sf Ukraine-ch"]
[Site "Kherson"]
[Date "1989.??.??"]
[Round "?"]
[White "Kruppa, Yuri"]
[Black "Moroz, Alexander"]
[Result "1-0"]
[WhiteElo "2440"]
[BlackElo "2380"]

1.e4 e6 2.d4 d5 3.Nc3 Bb4 4.e5 b6 5.a3 Bf8 6.Nf3 Ne7 7.Bb5+ c6 8.Ba4 Ba6
9.Ne2 Bb5 10.Bb3 Bc4 11.Bxc4 dxc4 12.Ng3 h6 13.O-O Ng6 14.Nh5 Qd5 15.Qe2 Nd7
16.b3 b5 17.bxc4 Qxc4 18.Qxc4 bxc4 19.a4 O-O-O 20.a5 a6 21.Ra4 Nb8 22.Ba3 Rd5
23.Re1 Rb5 24.Kf1 Bxa3 25.Rxa3 Ne7 26.Ng3 Nd5 27.Ne4 Rb2 28.Rc1 Kc7 29.Nc3 Nxc3
30.Rxc3 Ra2 31.Rb1 Nd7 32.Nd2 Rxa5 33.Nxc4 Ra4 34.Nd6 Rb8 35.Rxb8 Nxb8 36.Rb3 Nd7
37.Rb7+ Kd8 38.Nxf7+ Ke7 39.c3 Ra3 40.Ke2 a5 41.Kd3 a4 42.Nd6 Ra1 43.Ra7 a3
44.Nc4 a2 45.Ne3 c5 46.h3 Kf8 47.Kc2 cxd4 48.cxd4 Nb8 49.Kb2 Rb1+ 50.Kxa2 Rb5
51.Rc7 Na6 52.Rc4 Nb4+ 53.Ka3 Nd3 54.Rc2 Rb1 55.Rd2 Nf4 56.h4 g5 57.hxg5 hxg5
58.g3 Nh3 59.Rd1 Rb7 60.Ng4 Rf7 61.Rd2 Rb7 62.Nf6 Rb1 63.Ng4 Kf7 64.d5 exd5
65.Rxd5 Ng1 66.Rd6 Ne2 67.Nh6+ Ke8 68.Re6+ Kf8 69.Rf6+ Ke8 70.Nf5 Nc3 71.Re6+ Kd7
72.Rd6+ Ke8 73.Rd3 Nb5+ 74.Ka2 Re1 75.e6 Re2+ 76.Kb3 Rxf2 77.g4 Nc7 78.Rd7 Rf3+
79.Kc2 Nxe6 80.Re7+ Kf8 81.Rxe6 Kf7 82.Re4 Kf6 83.Ne3 Rf2+ 84.Kd3 Kg6 85.Re6+ Kf7
86.Rc6 Rf4 87.Nc4 Kg7 88.Ne5 Kh7 89.Rc4 Rf1 90.Ke4 Rf4+ 91.Kd5 Rf1 92.Ke6 Kh6
93.Rc8 Rf2 94.Rg8 Rf1 95.Rg6+  1-0

[Event "Las Palmas op"]
[Site "Las Palmas"]
[Date "1989.??.??"]
[Round "?"]
[White "Fernandez Garcia, Jose L"]
[Black "Ivkov, Borislav"]
[Result "1/2-1/2"]
[WhiteElo "2440"]
[BlackElo "2460"]

1.e4 e6 2.d4 d5 3.Nc3 Bb4 4.e5 Ne7 5.Nf3 c5 6.dxc5 Nbc6 7.Bb5 Bd7 8.O-O Rc8
9.Bd3 Ng6 10.Bxg6 hxg6 11.Be3 Ne7 12.Qd3 a6  1/2-1/2

[Event "Leningrad"]
[Site "Leningrad"]
[Date "1989.??.??"]
[Round "?"]
[White "Luther, Thomas"]
[Black "Brynell, Stellan"]
[Result "1-0"]
[WhiteElo "2410"]
[BlackElo "2485"]

1.e4 e6 2.d4 d5 3.Nc3 Bb4 4.e5 Qd7 5.Bd2 b6 6.Bb5 c6 7.Ba4 Ba6 8.Nce2 Bf8
9.c3 Bb5 10.Bc2 c5 11.a4 Ba6 12.a5 Ne7 13.Nf3 Nbc6 14.axb6 axb6 15.h4 Ng6
16.O-O Be7 17.g3 Bd8 18.h5 Nge7 19.Be3 Bxe2 20.Qxe2 Rxa1 21.Rxa1 c4 22.b3 b5
23.b4 h6 24.Nh4 Nf5 25.Nxf5 exf5 26.Qf3 Ne7 27.Qg2 O-O 28.Qh3 f6 29.exf6 Rxf6
30.Bf4 Nc6 31.Re1 Rf8 32.Qg2 Bf6 33.Qh3 Bd8 34.Qf1 Bc7 35.Bxc7 Qxc7 36.Qe2 Qf7
37.Qe6 Nd8 38.Qxf7+ Nxf7 39.Bxf5 Ng5 40.Be6+ Nxe6 41.Rxe6 Rf3 42.Re3 Rf5
43.g4 Rg5 44.Rg3  1-0

[Event "Lloyds Bank op"]
[Site "London"]
[Date "1989.??.??"]
[Round "?"]
[White "Hodgson, Julian M"]
[Black "Webster, Andrew"]
[Result "1-0"]
[WhiteElo "2535"]
[BlackElo "2235"]

1.d4 e6 2.e4 d5 3.Nc3 Bb4 4.e5 Ne7 5.Nf3 c5 6.dxc5 Nd7 7.Bd3 Nc6 8.O-O Ncxe5
9.Nxe5 Nxe5 10.Bf4 Bxc3 11.bxc3 Nxd3 12.cxd3 O-O 13.Rb1 Qa5 14.Bd6 Rd8 15.Rb4 b6
16.Qg4 bxc5 17.Be5 g6 18.Ra4 Qb6 19.Qh4 Kf8 20.Bf6 Ke8 21.Qxh7 Rd6 22.Rf4 Rc6  1-0

[Event "Lugano op"]
[Site "Lugano"]
[Date "1989.??.??"]
[Round "1"]
[White "Lagumina, Giulio"]
[Black "Hansen, Lars Bo"]
[Result "1/2-1/2"]
[WhiteElo "2310"]
[BlackElo "2540"]

1.e4 e6 2.d4 d5 3.Nc3 Bb4 4.e5 Ne7 5.a3 Bxc3+ 6.bxc3 b6 7.Qg4 Kf8 8.h4 Ba6
9.Bxa6 Nxa6 10.h5 h6 11.Ne2 c5 12.Rh3 Rc8 13.a4 cxd4 14.Ba3 dxc3 15.Rf3 Kg8
16.Nd4 Qd7 17.Qf4 Nf5 18.Nxf5 exf5 19.Rd1 Nc5 20.Qxf5 Qxf5 21.Rxf5 Rd8 22.Bxc5 bxc5
23.Rf3 d4 24.Rxc3 Rd5 25.f4 f6 26.exf6 gxf6 27.Rb3 Rxh5 28.Rb7 Rh1+ 29.Ke2 Rxd1
30.Kxd1 Rh7 31.Rb8+ Kf7 32.Rb7+ Kg8 33.Rb8+  1/2-1/2

[Event "Lugano op"]
[Site "Lugano"]
[Date "1989.??.??"]
[Round "3"]
[White "Namyslo, Holger"]
[Black "Leiber, Bernhard"]
[Result "1-0"]
[WhiteElo "2210"]
[BlackElo "2260"]

1.e4 e6 2.d4 d5 3.Nc3 Bb4 4.e5 Qd7 5.Qg4 Bf8 6.Bg5 b6 7.a4 a5 8.Bb5 c6 9.Be2 Ba6
10.Nh3 Ne7 11.Bxe7 Qxe7 12.Nf4 Bxe2 13.Nfxe2 g6 14.O-O h5 15.Qf3 Qg5 16.Nd1 Be7
17.Qb3 Nd7 18.Ne3 h4 19.c4 h3 20.g3 Bb4 21.cxd5 cxd5 22.Rac1 O-O 23.Rc7 Qd8
24.Rc2 b5 25.axb5 Qb6 26.Ng4 Kg7 27.Qd3 Rab8 28.Nf4 Rh8 29.Nf6 Nxf6 30.exf6+ Kxf6
31.Nxd5+ exd5 32.Rc6+ Kg7 33.Rxb6 Rxb6 34.f4 Be7 35.Re1 Bf6 36.g4 Rh4 37.g5 Bd8
38.Qg3 Rh5 39.Re8 Bc7 40.Rc8  1-0

[Event "Lugano op"]
[Site "Lugano"]
[Date "1989.??.??"]
[Round "5"]
[White "Riemersma, Liafbern"]
[Black "Stobik, Dietrich"]
[Result "1-0"]
[WhiteElo "2380"]
[BlackElo "2235"]

1.e4 e6 2.d4 d5 3.Nc3 Bb4 4.e5 Ne7 5.a3 Bxc3+ 6.bxc3 b6 7.Qg4 O-O 8.Bg5 Qe8
9.Bd3 f5 10.exf6 Ng6 11.fxg7 Kxg7 12.Qh5 Kg8 13.Nf3 e5 14.Nxe5 Nxe5  1-0

[Event "Lugano op"]
[Site "Lugano"]
[Date "1989.??.??"]
[Round "8"]
[White "Hoffmann, Hans"]
[Black "Heckler, Mario"]
[Result "1/2-1/2"]
[WhiteElo "2300"]
[BlackElo "2245"]

1.e4 e6 2.d4 d5 3.Nc3 Bb4 4.e5 b6 5.Qg4 Bf8 6.f4 Qd7 7.Nf3 Ne7 8.a4 Nf5 9.a5 Na6
10.axb6 axb6 11.Bd3 h5 12.Qh3 g6 13.g4 Nh6 14.g5 Nf5 15.Qf1 c6 16.Rxa6 Bxa6
17.Bxa6 Bb4 18.Bd3 Ra1 19.Kf2 O-O 20.Ne2 Rfa8 21.c3 Bf8 22.Rg1 R8a2 23.Bxf5 exf5
24.Qh3 c5 25.Nd2 c4 26.Qe3 b5 27.Nf3 b4 28.cxb4 Bxb4 29.Ne1 Bxe1+ 30.Rxe1 Ra6
31.Bd2 Rxe1 32.Bxe1 Qb7 33.Bc3 Kf8 34.Qd2 Rb6 35.Ng3 Ke7 36.Nf1 Ke6 37.Ne3 Qa8
38.Kf3 Rb5 39.Nc2 Qa2 40.Qc1 Rb3 41.h4 Qa4 42.Kf2 Rb6 43.Ke2 Rb8 44.Kd2 Ra8
45.Na3 Rb8 46.Qd1 Qc6 47.Nc2 Ra8 48.Nb4 Qb5 49.b3 Ra3 50.bxc4 Qxc4 51.Qc1 Ra4
52.Nd3 Ke7 53.Ke3 Kf8 54.Bb4+ Kg7 55.Bc5 Qb3 56.Qb2 Qd1 57.Nf2 Qg1 58.Kf3 Rc4
59.e6 Qe1 60.exf7 Qc3+ 61.Qxc3 Rxc3+ 62.Nd3 Kxf7 63.Ke3 Rc2 64.Bb4 Rh2 65.Be1 Ra2
66.Ne5+ Kg7 67.Bd2 Ra1 68.Bb4 Rb1 69.Be7 Kh7 70.Nd3 Kg8 71.Bd6 Kf7 72.Be5 Ra1
73.Bf6 Kg8 74.Nb4 Rh1 75.Nxd5 Rxh4 76.Kf3 Kf7 77.Ne3 Rh3+ 78.Kf2 h4 79.Be5 Rh2+
80.Kg1 Re2 81.Ng2 h3 82.Nh4 Re3 83.d5 Rd3 84.d6 Rd1+ 85.Kh2 Rd3 86.d7 Rxd7
87.Kxh3 Rd3+ 88.Kg2 Ra3 89.Kf2 Rb3 90.Nf3 Ra3 91.Nd2 Rd3 92.Ke2 Ra3 93.Nc4 Rb3
94.Kd2 Kg8 95.Bf6 Rb5 96.Kd3 Rd5+ 97.Bd4 Kh7 98.Ne5 Ra5 99.Kc4 Ra6 100.Kd5 Ra4
101.Nc4 Rb4 102.Nd6 Ra4 103.Be5 Ra6 104.Ke6 Kg8 105.Kf6 Kh7 106.Kf7 Ra7+
107.Kf8 Rd7 108.Ne8 Rf7+  1/2-1/2

[Event "Lugano op"]
[Site "Lugano"]
[Date "1989.??.??"]
[Round "8"]
[White "Hort, Vlastimil"]
[Black "Chernin, Alexander"]
[Result "1/2-1/2"]
[WhiteElo "2580"]
[BlackElo "2580"]

1.e4 e6 2.d4 d5 3.Nc3 Bb4 4.e5 Ne7 5.Bd2 O-O 6.Bd3 c5 7.dxc5 Nec6 8.f4 Nd7
9.Nf3 f6 10.Qe2 Nxc5 11.O-O Nxd3 12.cxd3 fxe5 13.fxe5 Bd7 14.Kh1 a6 15.Rac1 Be7
16.Qe3 Be8 17.Ne2 Bh5 18.Bc3 Qd7 19.Nfd4 Rxf1+ 20.Rxf1 Nxd4 21.Nxd4 Bc5 22.h3 Bg6
23.a3 Bxd4 24.Qxd4 Rf8 25.Rxf8+  1/2-1/2

[Event "Marianske Lazne op"]
[Site "Marianske Lazne"]
[Date "1989.??.??"]
[Round "5"]
[White "Kaminski, Uwe"]
[Black "Jurek, Josef"]
[Result "1/2-1/2"]
[WhiteElo "2345"]
[BlackElo "2355"]

1.e4 e6 2.d4 d5 3.Nc3 Bb4 4.e5 Ne7 5.a3 Bxc3+ 6.bxc3 c5 7.Nf3 Qa5 8.Bd2 Nbc6
9.Be2 cxd4 10.cxd4 Qa4 11.Bc3 b6 12.Qb1 Ba6 13.Qb3 Qxb3 14.cxb3 Bxe2 15.Kxe2 Kd7
16.Rhc1 f6 17.exf6 gxf6 18.Rc2 Rhg8 19.Kf1 Nf5 20.Rac1 Rac8 21.h3 h5 22.Bb2 Nd6
23.Bc3 Nb5 24.Bb2 Rc7 25.g3 Nd6 26.Nd2 Rgc8 27.Kg2 Ne4 28.Nxe4 dxe4 29.d5 exd5
30.Bxf6 Na5 31.Rxc7+ Rxc7 32.Rxc7+ Kxc7 33.b4 Nc4 34.a4 Nd2 35.g4 hxg4 36.hxg4 Kd6
37.Kg3 e3 38.f3 Nb3 39.Kf4 e2 40.Bh4 a5 41.bxa5 bxa5 42.Ke3 Nc5 43.Kxe2 d4
44.Be1 Nxa4 45.Bxa5 Nb2 46.Be1 Ke5 47.Bg3+ Kd5 48.Bf4 Na4 49.Bd2 Nb2 50.Bg5 Ke5
51.f4+ Ke4 52.f5 Nc4 53.Kf2 Nd6 54.f6 Ke5 55.Ke2 Nf7 56.Bh4 Kf4 57.g5 Ne5  1/2-1/2

[Event "Mendrisio op"]
[Site "Mendrisio"]
[Date "1989.??.??"]
[Round "8"]
[White "Ekstroem, Roland"]
[Black "Leuba, Didier"]
[Result "1/2-1/2"]
[WhiteElo "2445"]
[BlackElo "2285"]

1.e4 e6 2.d4 d5 3.Nc3 Bb4 4.e5 Ne7 5.a3 Bxc3+ 6.bxc3 c5 7.Nf3 Nbc6 8.Be2 Qa5
9.Bd2 Bd7 10.O-O f6 11.c4 Qc7 12.cxd5 Nxd5 13.c4 Nde7 14.exf6 gxf6 15.Bc3 O-O-O
16.d5 exd5 17.cxd5 Be6 18.dxe6 Rxd1 19.Rfxd1 Qf4 20.Rac1 Rd8 21.Re1 Rd6 22.Bf1  1/2-1/2

[Event "SVK-ch"]
[Site "Michalovce"]
[Date "1989.??.??"]
[Round "3"]
[White "Salai, Ladislav"]
[Black "Brestak, Jan"]
[Result "1-0"]
[WhiteElo "2350"]
[BlackElo "2300"]

1.e4 e6 2.d4 d5 3.Nc3 Bb4 4.e5 b6 5.a3 Bxc3+ 6.bxc3 Qd7 7.a4 Ba6 8.Bxa6 Nxa6
9.Nf3 Ne7 10.O-O h6 11.Ba3 Nb8 12.Nd2 Nbc6 13.Qe2 Nf5 14.Nb3 Nce7 15.a5 Qc6
16.Qd3 g5 17.g4 Nh4 18.f4 h5 19.h3 hxg4 20.hxg4 gxf4 21.Rxf4 Nhg6 22.Rf2 Qc4
23.Qg3 Rh7 24.Nd2 Qa4 25.Nf3 Nc6 26.axb6 cxb6 27.Ng5 Rg7 28.Qh3 O-O-O 29.Nxf7 Rdg8
30.g5 Rf8 31.Bxf8 Qxa1+ 32.Rf1 Qxf1+ 33.Qxf1 Nxf8 34.Nd6+ Kd7 35.Qxf8 Rxg5+
36.Kf2 Nxe5 37.dxe5 Rxe5 38.Qe8+ Kxd6 39.Qb8+  1-0

[Event "Wuerttemberg-ch"]
[Site "Moeglingen"]
[Date "1989.??.??"]
[Round "7"]
[White "Holzhaeuer, Mathias"]
[Black "Ruf, Matthias"]
[Result "1/2-1/2"]
[WhiteElo "2315"]
[BlackElo "2330"]

1.e4 e6 2.d4 d5 3.Nc3 Bb4 4.e5 Ne7 5.Bd2 c5 6.dxc5 Nbc6 7.Qg4 Ng6 8.Nf3 Bxc5
9.Bd3 Nb4 10.Bxg6 hxg6 11.O-O-O Bd7 12.Be3 Be7 13.Bg5 Rc8 14.Bxe7 Qxe7 15.h4 Rc4
16.Rd4 Rxd4 17.Qxd4 Nc6 18.Qe3 Qb4 19.Rd1 a6 20.g3 Na5 21.a3 Qe7 22.Nd2 O-O
23.Qb6 Qd8 24.Qxd8 Rxd8 25.Ne2 Kf8 26.b3 Ke7 27.Nf4 Nc6 28.Nf3 Na7 29.Nd4 Nb5
30.Nxb5 Bxb5 31.c3 a5 32.a4 Ba6 33.Kd2 Rc8 34.Rb1 Kd7 35.Re1 Ke7 36.Re3 Rc7
37.Re1 Rc8 38.Rc1 Rc6 39.b4 Bc4 40.Rb1 axb4 41.cxb4 Ra6 42.Ra1 Bb3 43.a5 Bc4
44.Ke3 Kd7 45.Kd4 b6 46.Nh3 Kc6 47.Ng5 Ra7 48.Ra3 f6 49.Nxe6 Re7 50.a6 Bxa6
51.Rxa6 Rxe6 52.f4 g5 53.hxg5 fxe5+ 54.fxe5 Rg6 55.Ra3 Rxg5 56.Rc3+ Kd7 57.Kxd5 b5
58.Ra3 Rg4 59.Ra7+ Kd8 60.Kd6 Rd4+ 61.Kc5 Rg4 62.Kd6 Rd4+ 63.Ke6 Rxb4 64.Rxg7 Rb1
65.g4 b4 66.g5 b3 67.g6 Rg1  1/2-1/2

[Event "Montpellier-A"]
[Site "Montpellier"]
[Date "1989.??.??"]
[Round "?"]
[White "Todorcevic, Miodrag"]
[Black "Weill, Roland"]
[Result "1-0"]
[WhiteElo "2530"]
[BlackElo "2235"]

1.e4 d5 2.Nc3 e6 3.d4 Bb4 4.e5 Qd7 5.a3 Bf8 6.f4 Nc6 7.Nf3 b6 8.Bb5 Bb7 9.Qe2 O-O-O
10.O-O Kb8 11.Be3 h5 12.b4 Nh6 13.Rfb1 Qc8 14.Nd1 a6 15.Bd3 Ka7 16.b5 Nb8
17.bxa6 Bxa6 18.a4 Bxd3 19.Qxd3 Qa6 20.a5 bxa5 21.Rb5 Nc6 22.Bd2 a4 23.Nc3 a3
24.Nb1 Rb8 25.Nxa3 Rb7 26.Rxb7+ Qxb7 27.Rb1 Qc8 28.Nb5+ Ka8 29.Qb3  1-0

[Event "New York op"]
[Site "New York"]
[Date "1989.??.??"]
[Round "4"]
[White "Dolmatov, Sergey"]
[Black "Henley, Ron W"]
[Result "1-0"]
[WhiteElo "2580"]
[BlackElo "2505"]

1.e4 e6 2.d4 d5 3.Nc3 Bb4 4.e5 Ne7 5.a3 Bxc3+ 6.bxc3 c5 7.Nf3 Nbc6 8.Be2 Qa5
9.Bd2 cxd4 10.cxd4 Qa4 11.Rb1 Nxd4 12.Bd3 Ndc6 13.O-O Qxa3 14.Rb3 Qc5 15.Bc1 Na5
16.Ba3 Qc7 17.Bd6 Qd8 18.Rb4 f5 19.c4 Nac6 20.Rb2 O-O 21.cxd5 exd5 22.Bb1 b6
23.Ba2 Be6 24.Ng5 Qd7 25.Rd2 Kh8 26.Nxe6 Qxe6 27.Bxd5 Nxd5 28.Bxf8 Nc3 29.Rd6 Qxe5
30.Qf3 Rxf8 31.Qxc6 Ne4 32.Re6 Qc5 33.Re8 Qa3 34.Qc8  1-0

[Event "Pancevo"]
[Site "Pancevo"]
[Date "1989.??.??"]
[Round "4"]
[White "Markovic, V."]
[Black "Radlovacki, Jovan"]
[Result "1-0"]
[WhiteElo "2300"]
[BlackElo "2245"]

1.e4 e6 2.d4 d5 3.Nc3 Bb4 4.e5 Qd7 5.Ne2 b6 6.a3 Bf8 7.Ng3 Ba6 8.Bxa6 Nxa6
9.Qd3 Nb8 10.Nce2 Ne7 11.h4 h5 12.Bg5 Qa4 13.b3 Qa6 14.Qf3 g6 15.c4 c6 16.cxd5 cxd5
17.O-O Nd7 18.Rfc1 Rc8 19.b4 Nc6 20.Qb3 Qb7 21.b5 Na5 22.Rxc8+ Qxc8 23.Qd3 Be7
24.Bxe7 Kxe7 25.Rc1 Qb7 26.Qc3 Rb8 27.Qb4+ Ke8 28.Rc3 Rc8 29.Rf3 Rc2 30.Nf4 Qc7
31.Nh3 Nb7 32.Qb3 Rd2 33.Ng5 Qc1+ 34.Nf1 Rd1 35.Rxf7 Rxf1+ 36.Kh2 Rh1+ 37.Kg3 Qg1
38.Qc2 Nbc5 39.Qxg6 Ne4+ 40.Nxe4 Qh2+ 41.Kf3 dxe4+ 42.Ke2  1-0

[Event "CSR-ch int"]
[Site "Prague"]
[Date "1989.??.??"]
[Round "8"]
[White "Blatny, Pavel"]
[Black "Chernin, Alexander"]
[Result "1/2-1/2"]
[WhiteElo "2450"]
[BlackElo "2580"]

1.e4 e6 2.d4 d5 3.Nc3 Bb4 4.e5 Ne7 5.a3 Bxc3+ 6.bxc3 c5 7.Qg4 Kf8 8.Nf3 Qa5
9.Bd2 Qa4 10.Ra2 b6 11.Bd3 Ba6  1/2-1/2

[Event "Primorsko op"]
[Site "Primorsko"]
[Date "1989.??.??"]
[Round "?"]
[White "Grigorov, Jordan N"]
[Black "Belke, Frank"]
[Result "1-0"]
[WhiteElo "2360"]
[BlackElo "2230"]

1.e4 e6 2.d4 d5 3.Nc3 Bb4 4.e5 b6 5.a3 Bxc3+ 6.bxc3 Qd7 7.a4 Ba6 8.Bd3 Bxd3
9.cxd3 Nc6 10.Nf3 Nge7 11.O-O O-O 12.Re1 Na5 13.Nd2 f5 14.exf6 Rxf6 15.Nf3 Ng6
16.h4 Nc6 17.h5 Nf8 18.Bg5 Rf5 19.g4 Rf7 20.Bh4 h6 21.Bg3 Nh7 22.Kg2 Re8
23.Qe2 Nf6 24.Nh2 g5 25.Rf1 Qe7 26.f4 gxf4 27.Rxf4 Nh7 28.Rxf7 Qxf7 29.Rf1 Qg7
30.Qe3 Ng5 31.Bf4 Nf7 32.Bxc7 e5 33.dxe5 Nfxe5 34.Bd6 Rd8 35.Bxe5 Nxe5 36.d4 Nc4
37.Qe6+ Kh8 38.Rf7 Qg5 39.Nf3 Ne3+ 40.Kh3  1-0